000 00636nam a2200205 i 4500
001 71131
003 ES-MaACL
005 20230906171030.0
007 t|
008 040805s1973 sp ||||1| spa d
100 1 _aGaudry, M.
_955998
245 1 0 _aRectificadores, tiristores y triacs /
_cM. Gaudry ; [traducido por Daniel Santano y León].
260 _aMadrid :
_bParaninfo,
_c1973.
300 _a342 p. :
_bil. ;
_c22 cm.
490 1 _aBiblioteca técnica Philips
700 1 _aSantano y León, Daniel.
_9181683
830 0 _aBiblioteca técnica Philips
_9181540
852 _aES-MaACL
_jC-56496
_bR.89201
999 _c71131
_d71131